00629nam a2200169 i 450000100060000000300090000600500170001500700030003200800410003502000180007611000480009424500340014226000460017630000600022250501550028285200220043743355ES-MaACL20250905101955.0t|030317s1986 sp ||||1| spa d a84-7483-439-22 aMuseo Nacional Centro de Arte Reina Sofía10aCentro de Arte Reina Sofía. aMadrid : bMinisterio de Cultura, c1986. a5 fasc., 1 tríptico, 1 plan. pleg. : bil. ; c26 cm.8 aContiene: V. 1: Historia. -- V. II: Materiales. -- V. III: Restauración. -- V. IV: Proyecto. -- V. V: Separata de: Información cultural, mayo 1986 aES-MaACLjL-11199